000 01088nam0a22002891 4500
001 v19\rc\1328049
005 20060512113205.9
035 _a(NLR Aleph) 004480087
090 _a4601442
_c4601442
100 _a20060512d1844 |||y0rusy50 ca
101 0 _arus
102 _aRU
105 _ay z |||||
200 1 _aНачальные правила для обучения латинскому языку, в пользу русского юношества
_fС 7-го изд. Зейденштюкера, сост. и доп. Яковом Лангеном
210 _aСанкт-Петербург
_cтип. И. Глазунова и К°
_d1844
215 _a[2], 192 с.
_d22
300 _aНа тит. л.: № 1
700 1 _aЛанген
_bЯ. К.
_gЯков Карлович
702 1 _aЗейденштюкер
_bИ. Г.
_f1765-1851
_gИоганн Генрих
_4100
801 0 _aRU
_bNLR
_gpsbo
801 0 _aRU
_bRuMoRGB
_2psbo
801 1 _aRU
_bProSoft-M
_2rusmarc
852 _aNLR
_j18.95.4.51
899 _aБАН
899 _aНБ СПбГУ
942 _cBOOK
980 _aNB